Director By 2 Films - Statistics

General Stats
  • This quiz has been taken 30 times
  • The average score is 38 of 59
Answer Stats
Movies Director % Correct
Jaws, Schindler's List Steven Spielberg
100%
In the Line of Fire, Million Dollar Baby Clint Eastwood
92%
Goodfellas, Shutter Island Martin Scorsese
92%
Batman Begins, Interstellar Christopher Nolan
88%
Psycho, Vertigo Alfred Hitchcock
83%
Apocalypse Now, The Godfather Francis Ford Coppola
83%
Star Wars, THX 1138 George Lucas
83%
Django Unchained, Reservoir Dogs Quentin Tarantino
83%
Full Metal Jacket, The Shini1ng Stanley Kubrick
83%
Hulk, Life of Pi Ang Lee
79%
Fight Club, Zodiac David Fincher
79%
Avatar, The Terminator James Cameron
79%
Cast Away, Forrest Gump Robert Zemeckis
79%
Evil Dead, Spider-Man Sam Raimi
79%
He Got Game, Malcolm X Spike Lee
79%
A Nightmare on Elm Street, Scream Wes Craven
79%
Parasite, Snowpiercer Bong Joon ho
75%
The Green Mile, The Shawshank Redemption Frank Darabont
75%
Get Out, Us Jordan Peele
75%
Clerks, Jay and Silent Bob Strike Back Kevin Smith
75%
Alien, Blade Runner Ridley Scott
75%
American Beauty, Jarhead Sam Mendes
75%
Lost in Translation, Marie Antoinette Sofia Coppola
75%
Beetlejuice, Dark Shadows Tim Burton
75%
Carrie, Scarface Brian de Palma
71%
Desperado, Machete Robert Rodriguez
71%
Cafe Society, Midnight in Paris Woody Allen
71%
Black Swan, Mother! Darren Aronofsky
67%
eXistenZ, The Fly David Cronenberg
67%
Eraserhead, Inland Empire David Lynch
67%
Dune, Sicario Denis Villeneuve
67%
Apocalypto, Hacksaw Ridge Mel Gibson
67%
Boogie Nights, Licorice Pizza Paul Thomas Anderson
67%
Moonrise Kingdom, Rushmore Wes Anderson
67%
Halloween, The Thing John Carpenter
63%
Last Night in Soho, Shaun of the Dead Edgar Wright
58%
Mad Max, The Witches of Eastwick George Miller
58%
Lady Bird, Little Women Greta Gerwig
58%
Platoon, Snowden Oliver Stone
58%
Joker, Old School Todd Phillips
58%
Hostel, Knock Knock Eli Roth
54%
Guardians of the Galaxy, The Suicide Squad James Gunn
54%
Elf, Iron Man Jon Favreau
54%
Ocean's Eleven, Out of Sight Steven Soderbergh
54%
Hellboy, Pan's Labyrinth Guillermo del Toro
50%
Funny People, Knocked Up Judd Apatow
50%
The Lighthouse, The Witch Robert Eggers
50%
Lethal Weapon, The Goonies Richard Donner
46%
Ford v Ferrari, Logan James Mangold
42%
Aquaman, Saw James Wan
42%
Monster, Wonder Woman Patty Jenkins
42%
Before the Devil Knows You're Dead, Murder on the Orient Express Sidney Lumet
42%
Godzilla, Rogue One Gareth Edwards
38%
District 9, Elysium Neill Blomkamp
38%
Birdman, The Revenant Alejandro G. Innaritu
33%
American Psycho, Charlie Says Mary Harron
33%
A Time To Kill, Falling Down Joel Schumacher
29%
Bone Tomahawk, Brawl in Cell Block 99 S. Craig Zahler
29%
Bright, End of Watch David Ayer
25%
No matching quizzes found
Score Distribution
Percent of People with Each Score
Percentile by Number Answered
Your Score History
You have not taken this quiz